[Event "24th Chicago Open"]
[Site "Wheeling, IL"]
[Date "2015.05.23"]
[Round "4"]
[White "Shankar, Gauri"]
[Black "Castillo, Joshua"]
[Result "1-0"]
[WhiteElo "2307"]
[BlackElo "2433"]
[PlyCount "77"]
[EventDate "2015.05.??"]
[EventType "swiss"]
[EventRounds "9"]
[EventCountry "USA"]
[Source "MonRoi"]

1. e4 c5 2. Nc3 d6 3. g3 g6 4. Bg2 Bg7 5. d3 Nc6 6. f4 e6 7. Nf3 Nge7 8. O-O
O-O 9. Bd2 Rb8 10. Rb1 b5 11. a3 b4 12. axb4 cxb4 13. Ne2 Qb6+ 14. Kh1 a5 15.
g4 f5 16. gxf5 exf5 17. Be1 Kh8 18. Bf2 Qc7 19. Qd2 Be6 20. Ned4 Bg8 21. Rfe1
Rbe8 22. c3 b3 23. Ra1 h6 24. Ra3 Rb8 25. e5 dxe5 26. fxe5 Nxd4 27. Bxd4 g5 28.
e6 f4 29. Bxg7+ Kxg7 30. Nd4 g4 31. Rg1 Rf6 32. Ra4 Kh8 33. Be4 h5 34. Qf2 Ng6
35. Nc6 Rb5 36. Qd4 Kg7 37. Qd7+ Qxd7 38. exd7 Rd6 39. Rd4 1-0

[Event "24th Chicago Open"]
[Site "Wheeling, IL"]
[Date "2015.05.23"]
[Round "4"]
[White "Li, Ruifeng"]
[Black "Shetty, Atulya"]
[Result "1-0"]
[WhiteElo "2426"]
[BlackElo "2331"]
[PlyCount "85"]
[EventDate "2015.05.??"]
[EventType "swiss"]
[EventRounds "9"]
[EventCountry "USA"]
[Source "MonRoi"]

1. e4 e6 2. d4 d5 3. Nc3 Nf6 4. Bg5 Be7 5. e5 Nfd7 6. h4 Nc6 7. Nf3 h6 8. Bxe7
Qxe7 9. Qd2 Nb6 10. a3 Bd7 11. Bd3 O-O-O 12. O-O-O f6 13. Rde1 Rdf8 14. h5 Be8
15. exf6 Rxf6 16. Bb5 Rhf8 17. Re2 Nd8 18. Ne5 Bxb5 19. Nxb5 Qe8 20. Nc3 Nc6
21. Ng6 R8f7 22. f4 Nc4 23. Qd3 Rxf4 24. Nxf4 Rxf4 25. Qg3 Qf7 26. Rxe6 Nxd4
27. Re8+ Qxe8 28. Qxf4 Ne6 29. Qf5 Ne3 30. Qe5 d4 31. Nb5 Qd7 32. Nxd4 Nxd4 33.
Qxe3 c5 34. Rf1 Qa4 35. Rf8+ Kc7 36. Qe7+ Kb6 37. Qd6+ Nc6 38. Rf7 Qb5 39. Qd3
c4 40. Qf5 Qa4 41. Qd7 Qa6 42. Qc7+ Kc5 43. Rf5+ 1-0

[Event "24th Chicago Open"]
[Site "Wheeling, IL"]
[Date "2015.05.23"]
[Round "4"]
[White "Aponte, Felix"]
[Black "Wang, Qibiao"]
[Result "1/2-1/2"]
[WhiteElo "2412"]
[BlackElo "2260"]
[PlyCount "106"]
[EventDate "2015.05.??"]
[EventType "swiss"]
[EventRounds "9"]
[EventCountry "USA"]
[Source "MonRoi"]

1. c4 Nf6 2. Nc3 g6 3. e4 d6 4. d4 Bg7 5. Nf3 O-O 6. Be2 Na6 7. O-O e5 8. dxe5
dxe5 9. Be3 c6 10. a3 Ng4 11. Bg5 f6 12. Bd2 f5 13. h3 Nf6 14. b4 Qe7 15. c5
Nc7 16. Bc4+ Be6 17. Bxe6+ Qxe6 18. Ng5 Qe7 19. Qb3+ Kh8 20. Rfe1 f4 21. Rad1
Nfe8 22. Nf3 g5 23. Ne2 h5 24. Nh2 Nf6 25. f3 g4 26. hxg4 hxg4 27. Nxg4 Nxg4
28. fxg4 Rf6 29. Kf2 Ne6 30. Rh1+ Bh6 31. Ng1 Ng5 32. Qc4 Qe6 33. Qe2 Re8 34.
Rh4 Rg6 35. Nf3 Nf7 36. Bc3 Kg8 37. Kf1 Rxg4 38. Rxg4+ Qxg4 39. Qc4 Kf8 40. b5
Bg7 41. a4 Bf6 42. a5 Kg7 43. Be1 Rh8 44. Bf2 Rh2 45. Nxh2 Qxd1+ 46. Be1 cxb5
47. Qxb5 Qc2 48. Qxb7 Qxc5 49. Nf3 Bd8 50. Qa6 Qe3 51. Qe2 Qc5 52. Qf2 Qc4+ 53.
Qe2 Qc5 1/2-1/2

[Event "24th Chicago Open"]
[Site "Wheeling, IL"]
[Date "2015.05.23"]
[Round "4"]
[White "Studen, Damir"]
[Black "Kiewra, Keaton"]
[Result "1/2-1/2"]
[WhiteElo "2228"]
[BlackElo "2394"]
[PlyCount "155"]
[EventDate "2015.05.??"]
[EventType "swiss"]
[EventRounds "9"]
[EventCountry "USA"]
[Source "MonRoi"]

1. d4 Nf6 2. c4 g6 3. g3 d5 4. cxd5 Nxd5 5. Bg2 Nb6 6. Nf3 Bg7 7. O-O Nc6 8. e3
O-O 9. Nc3 Re8 10. d5 Na5 11. e4 c6 12. dxc6 Nxc6 13. Qe2 Bg4 14. Be3 e5 15. h3
Nd4 16. Bxd4 exd4 17. hxg4 dxc3 18. bxc3 Na4 19. e5 Qa5 20. Rfe1 Nxc3 21. Qb2
Re7 22. Re3 Na4 23. Qa3 Bf8 24. Re4 Qc3 25. Qxc3 Nxc3 26. Rc4 Nd5 27. Rac1 Rae8
28. Rc8 Nb4 29. Rxe8 Rxe8 30. Rc7 Re7 31. Rxe7 Bxe7 32. a4 Nd3 33. Nd2 Nxe5 34.
Bxb7 Nxg4 35. Kf1 h5 36. f3 Ne5 37. Ke2 Kg7 38. Bd5 Bd6 39. Ne4 Be7 40. Nd2 Nd7
41. Nc4 g5 42. f4 Nf6 43. Bc6 gxf4 44. gxf4 Bd8 45. Nd6 Ng4 46. Kf3 Kf6 47. Bd5
Nh6 48. Bc4 Ba5 49. Bd3 Ke6 50. Ne4 Bd8 51. Bc4+ Kd7 52. Bb5+ Kc7 53. Be8 h4
54. Ng5 f6 55. Nf7 Nf5 56. Kg4 Ng7 57. Bb5 f5+ 58. Kh3 Bf6 59. Bd3 Kd7 60. Nh6
Ke6 61. Bc4+ Kd6 62. Bd3 Kc5 63. Nxf5 Ne6 64. Kg4 h3 65. Be4 Kb4 66. Kxh3 Nxf4+
67. Kg4 Ne2 68. Bc6 Nc3 69. Ne3 Kc5 70. Be8 Bd4 71. Nf5 a5 72. Kf3 Bh8 73. Ke3
Kb4 74. Kd3 Nxa4 75. Bxa4 Kxa4 76. Kc4 Ka3 77. Nd6 Be5 78. Nb7 1/2-1/2

[Event "24th Chicago Open"]
[Site "Wheeling, IL"]
[Date "2015.05.23"]
[Round "4"]
[White "La Rota, Fabio"]
[Black "Chirila, Ioan"]
[Result "0-1"]
[WhiteElo "2243"]
[BlackElo "2542"]
[PlyCount "72"]
[EventDate "2015.05.??"]
[EventType "swiss"]
[EventRounds "9"]
[EventCountry "USA"]
[Source "MonRoi"]

1. d4 Nf6 2. Nf3 g6 3. Bf4 Bg7 4. e3 O-O 5. c3 d6 6. Nbd2 c5 7. Bc4 Qb6 8. Bb3
Nc6 9. Nc4 Qd8 10. a4 Be6 11. O-O b6 12. Bg5 Bd5 13. Re1 Rc8 14. Nfd2 cxd4 15.
exd4 Qc7 16. Ne3 Bxb3 17. Qxb3 e6 18. Qd1 Ne7 19. Qf3 Nfd5 20. Qh3 e5 21. Qf3
Nxe3 22. Bxe7 Nxg2 23. Bxf8 Nxe1 24. Rxe1 Rxf8 25. dxe5 dxe5 26. Qe2 Qd7 27. a5
bxa5 28. Ra1 a4 29. Ne4 Rd8 30. Nc5 Qc6 31. Nxa4 e4 32. Qe3 Rd5 33. b4 a5 34.
Nc5 axb4 35. Ra6 Qxc5 36. Ra8+ Bf8 0-1

[Event "24th Chicago Open"]
[Site "Wheeling, IL"]
[Date "2015.05.23"]
[Round "4"]
[White "Ghatti, Sanjay"]
[Black "Esserman, Marc"]
[Result "1/2-1/2"]
[WhiteElo "2255"]
[BlackElo "2417"]
[PlyCount "136"]
[EventDate "2015.05.??"]
[EventType "swiss"]
[EventRounds "9"]
[EventCountry "USA"]
[Source "MonRoi"]

1. e4 c6 2. d4 d5 3. Nd2 dxe4 4. Nxe4 Nf6 5. Nxf6+ gxf6 6. Nf3 Bg4 7. c3 e6 8.
Bf4 Qb6 9. Qb3 Bxf3 10. Qxb6 axb6 11. gxf3 b5 12. Bd3 Nd7 13. Ke2 Nb6 14. Rhg1
Nd5 15. Be3 Bd6 16. h3 f5 17. a3 Ke7 18. Rg7 h6 19. Rgg1 Kf6 20. Bc2 Rag8 21.
h4 Nf4+ 22. Bxf4 Bxf4 23. a4 Rxg1 24. Rxg1 bxa4 25. Bxa4 Rd8 26. Bb3 c5 27. Rd1
cxd4 28. cxd4 Rd6 29. Bc4 Ke7 30. d5 Rb6 31. b3 Be5 32. dxe6 fxe6 33. Rg1 Rb4
34. Rg6 Bf6 35. Rxh6 b5 36. Rh7+ Kd6 37. Bd3 Rxb3 38. Rh6 Rb2+ 39. Kd1 Ke7 40.
Rh7+ Kf8 41. h5 Bg5 42. Bc2 b4 43. Rb7 Bf4 44. Ba4 Rxf2 45. Rxb4 Rxf3 46. Ke2
Re3+ 47. Kf2 Bg5 48. Rb7 f4 49. Bd1 e5 50. Rb8+ Kg7 51. Rb7+ Kf8 52. Rb8+ Ke7
53. Rb7+ Kd6 54. Rb6+ Kc5 55. Rg6 Bh4+ 56. Kg2 e4 57. Rg4 f3+ 58. Kh2 f2 59.
Kg2 Re1 60. Be2 Rxe2 61. Rxh4 e3 62. Rh1 Re1 63. Rf1 Kd4 64. h6 Kd3 65. h7 Rxf1
66. Kxf1 Kd2 67. h8=Q e2+ 68. Kxf2 e1=Q+ 1/2-1/2

[Event "24th Chicago Open"]
[Site "Wheeling, IL"]
[Date "2015.05.23"]
[Round "4"]
[White "Mulyar, Michael"]
[Black "Vibbert, Sean"]
[Result "0-1"]
[WhiteElo "2402"]
[BlackElo "2312"]
[PlyCount "164"]
[EventDate "2015.05.??"]
[EventType "swiss"]
[EventRounds "9"]
[EventCountry "USA"]
[Source "MonRoi"]

1. d4 Nf6 2. Nf3 d5 3. c4 c6 4. Nc3 dxc4 5. a4 Bf5 6. e3 e6 7. Bxc4 Nbd7 8. O-O
Bb4 9. Qe2 Bg6 10. Bd3 O-O 11. Bxg6 hxg6 12. e4 Qa5 13. e5 Nh7 14. Ne4 Qd5 15.
Bf4 a5 16. Rfd1 b5 17. Rd3 Nb6 18. Nfg5 Nxg5 19. Bxg5 Nd7 20. Rad1 f5 21. exf6
Nxf6 22. Bxf6 gxf6 23. Rg3 Kf7 24. Rdd3 Rad8 25. Qg4 Qf5 26. Nxf6 Bd6 27. Nh7
Bxg3 28. Rf3 Kg7 29. Rxf5 exf5 30. Nxf8 fxg4 31. Ne6+ Kf6 32. Nxd8 Bc7 33. Nxc6
bxa4 34. Kf1 Ke6 35. Ke2 Kd5 36. Ne7+ Kc4 37. Kd2 Kb3 38. Kc1 Bxh2 39. Nxg6 Bg1
40. Nf4 Bxf2 41. Ne2 Be3+ 42. Kb1 Kc4 43. Ka2 Kd3 44. Ng3 Kxd4 45. Ka3 Bf2 46.
Nf5+ Ke5 47. Nh6 Kf4 48. Kxa4 Be1 49. Kb3 Kg3 50. Kc2 Bb4 51. Kd3 Bf8 52. Nf5+
Kxg2 53. Ke2 g3 54. Ne3+ Kh3 55. Kf3 Bc5 56. Ng2 a4 57. Nf4+ Kh2 58. Ke4 Bf8
59. Kd3 Bg7 60. Kc2 Be5 61. Ne2 g2 62. b4 Kh3 63. b5 Kg4 64. b6 Kf3 65. Ng1+
Ke4 66. b7 Kd5 67. Nf3 Bc7 68. Kc3 Kc5 69. Kb2 Bd6 70. Kc3 Kb5 71. Ng1 Be5+ 72.
Kd3 Kb4 73. Nf3 Bd6 74. Kc2 Kc4 75. Kb2 Bb8 76. Ka3 Kb5 77. Kb2 Kb4 78. Ka2 Bc7
79. Kb2 Bd6 80. Ng1 Be5+ 81. Ka2 Ka5 82. Nf3 Bd6 0-1

[Event "24th Chicago Open"]
[Site "Wheeling, IL"]
[Date "2015.05.23"]
[Round "4"]
[White "Homa, Seth"]
[Black "Tarhon, Brian"]
[Result "1-0"]
[WhiteElo "2366"]
[BlackElo "2179"]
[PlyCount "69"]
[EventDate "2015.05.??"]
[EventType "swiss"]
[EventRounds "9"]
[EventCountry "USA"]
[Source "MonRoi"]

1. d4 Nf6 2. Nf3 e6 3. Bg5 d5 4. e3 h6 5. Bh4 c5 6. Nbd2 Be7 7. c3 b6 8. Ne5
O-O 9. Bd3 Nfd7 10. Bxe7 Qxe7 11. f4 Ba6 12. Bxa6 Nxa6 13. O-O Rfc8 14. Qe2
Nab8 15. Rf3 Nc6 16. g4 Ndxe5 17. fxe5 Rab8 18. Raf1 Rf8 19. Qf2 b5 20. Rf6 g6
21. Nf3 b4 22. Nh4 bxc3 23. bxc3 Kg7 24. Qc2 Kh8 25. g5 Rg8 26. gxh6 Nd8 27.
Kh1 cxd4 28. exd4 Qa3 29. Rxf7 Nxf7 30. Nxg6+ Rxg6 31. Qxg6 Qf8 32. Rxf7 Rb1+
33. Kg2 Qg8 34. Rg7 Rb2+ 35. Kg3 1-0

[Event "24th Chicago Open"]
[Site "Wheeling, IL"]
[Date "2015.05.23"]
[Round "4"]
[White "Niemann, Hans"]
[Black "Colas, Joshua"]
[Result "1-0"]
[WhiteElo "2181"]
[BlackElo "2292"]
[PlyCount "121"]
[EventDate "2015.05.??"]
[EventType "swiss"]
[EventRounds "9"]
[EventCountry "USA"]
[Source "MonRoi"]

1. d4 d5 2. c4 e6 3. Nf3 c6 4. g3 f5 5. Bg2 Nf6 6. O-O Bd6 7. Nc3 O-O 8. Bf4
Bxf4 9. gxf4 Ne4 10. cxd5 exd5 11. Ne5 Be6 12. f3 Nd6 13. e3 Nd7 14. Qe2 Qe7
15. Rab1 Nb6 16. Rbe1 Rae8 17. b3 Nf7 18. Nd3 Nd7 19. Kh1 Kh8 20. Rf2 c5 21.
dxc5 Nxc5 22. Nb5 a6 23. Nd4 Bd7 24. Nxc5 Qxc5 25. Qc2 Qb4 26. Qd2 Qd6 27. Qd3
Nd8 28. Rd2 Re7 29. Bh3 Qf6 30. Bg2 Rfe8 31. Nc2 Bb5 32. Qd4 Qf8 33. Red1 Bc6
34. Qb6 Qf6 35. e4 fxe4 36. fxe4 Qxf4 37. exd5 Bd7 38. Rf2 Qg5 39. Rdf1 Kg8 40.
Qb4 h5 41. Nd4 Kh7 42. Qc4 Re3 43. Qc7 Bg4 44. Qf4 Qxf4 45. Rxf4 Re1 46. h3 Bd7
47. Kh2 Kg6 48. h4 Rxf1 49. Bxf1 Re3 50. Bg2 Re5 51. Be4+ Kh6 52. Nf3 Re8 53.
Ng5 Bg4 54. Kg3 a5 55. Kf2 b6 56. a3 b5 57. b4 a4 58. Bd3 Bd7 59. Rf7 Bg4 60.
Ra7 Re5 61. Ra8 1-0

[Event "24th Chicago Open"]
[Site "Wheeling, IL"]
[Date "2015.05.23"]
[Round "5.1"]
[White "Sevian, Samuel"]
[Black "Harmon-Vellotti, Luke"]
[Result "1/2-1/2"]
[WhiteElo "2565"]
[BlackElo "2412"]
[PlyCount "40"]
[EventDate "2015.05.??"]
[EventType "swiss"]
[EventRounds "9"]
[EventCountry "USA"]
[Source "MonRoi"]
[WhiteClock "0:46:39"]
[BlackClock "0:34:26"]

1. Nf3 Nf6 2. a3 d5 3. b4 Bg4 4. Bb2 Nbd7 5. e3 e5 6. Be2 Bd6 7. d4 exd4 8.
Nxd4 Bxe2 9. Qxe2 O-O 10. Nd2 Re8 11. c4 c6 12. cxd5 Nxd5 13. Nc4 Ne5 14. Nxd6
Nf4 15. Nxb7 Qd5 16. Qc2 Nxg2+ 17. Ke2 Nf4+ 18. exf4 Nf3+ 19. Kd3 Qe4+ 20. Kc4
Qd5+ 1/2-1/2

[Event "24th Chicago Open"]
[Site "Wheeling, IL"]
[Date "2015.05.23"]
[Round "5.2"]
[White "Gorovets, Andrey"]
[Black "Batista, Lazaro"]
[Result "0-1"]
[WhiteElo "2513"]
[BlackElo "2684"]
[PlyCount "104"]
[EventDate "2015.05.??"]
[EventType "swiss"]
[EventRounds "9"]
[EventCountry "USA"]
[Source "MonRoi"]
[WhiteClock "0:06:50"]
[BlackClock "0:20:43"]

1. Nf3 Nf6 2. c4 e6 3. g3 d5 4. Bg2 dxc4 5. Qa4+ c6 6. Qxc4 b5 7. Qc2 Bb7 8. a4
Nbd7 9. O-O Rc8 10. Nc3 a6 11. d3 Be7 12. e4 O-O 13. Rd1 a5 14. h3 Ba6 15. Be3
b4 16. Nb1 c5 17. Nbd2 Nb8 18. Ne5 Nfd7 19. Nec4 Nc6 20. Nb3 e5 21. Rac1 Nd4
22. Bxd4 cxd4 23. h4 Bxc4 24. dxc4 Nc5 25. Nxc5 Bxc5 26. Rd3 g6 27. Qe2 Qd7 28.
b3 Rce8 29. Rf1 f5 30. Bf3 Kg7 31. Kg2 h5 32. Rd2 Rf6 33. Rd3 Re7 34. Qd2 f4
35. Qe2 Ref7 36. Rh1 Kh8 37. Kh2 Bf8 38. Rf1 Bh6 39. Kg2 Kg7 40. Qd1 fxg3 41.
fxg3 Be3 42. Qe2 Qe7 43. Qd1 Rf8 44. Qe2 R6f7 45. Rxe3 dxe3 46. Qxe3 Rd8 47. c5
Qf8 48. Qg5 Rd3 49. Qxe5+ Kh7 50. Bxh5 Rxf1 51. Bxg6+ Kxg6 52. Qg5+ Kh7 0-1

[Event "24th Chicago Open"]
[Site "Wheeling, IL"]
[Date "2015.05.23"]
[Round "5"]
[White "Naroditsky, Daniel"]
[Black "Bregadze, Levan"]
[Result "1/2-1/2"]
[WhiteElo "2622"]
[BlackElo "2484"]
[PlyCount "55"]
[EventDate "2015.05.??"]
[EventType "swiss"]
[EventRounds "9"]
[EventCountry "USA"]
[Source "MonRoi"]

1. e4 d6 2. d4 g6 3. c4 Bg7 4. Nc3 Nf6 5. Be2 Nbd7 6. Nf3 e5 7. O-O O-O 8. Be3
c6 9. d5 Qc7 10. Ne1 Nc5 11. f3 a5 12. Nd3 Nfd7 13. Nxc5 Nxc5 14. a3 Bd7 15. b3
Na6 16. Qd2 c5 17. Nb5 Bxb5 18. cxb5 Nb8 19. b4 axb4 20. axb4 Nd7 21. Qc3 Bf6
22. Rfc1 Be7 23. Qb2 Rfc8 24. Rxa8 Rxa8 25. bxc5 Nxc5 26. Ra1 Rxa1+ 27. Qxa1 b6
28. Qa3 1/2-1/2

[Event "24th Chicago Open"]
[Site "Wheeling, IL"]
[Date "2015.05.23"]
[Round "5"]
[White "Avrukh, Boris"]
[Black "Dobrov, Vladimir"]
[Result "1/2-1/2"]
[WhiteElo "2609"]
[BlackElo "2490"]
[PlyCount "68"]
[EventDate "2015.05.??"]
[EventType "swiss"]
[EventRounds "9"]
[EventCountry "USA"]
[Source "MonRoi"]

1. d4 Nf6 2. c4 c5 3. d5 b5 4. cxb5 a6 5. bxa6 g6 6. Nc3 Bg7 7. e4 O-O 8. Nf3
Qa5 9. Nd2 Bxa6 10. Be2 d6 11. O-O Nbd7 12. a4 Rfb8 13. Ra3 Bxe2 14. Qxe2 Nb6
15. Ndb1 c4 16. Qc2 Ng4 17. Bd2 Qc5 18. h3 Ne5 19. Be3 Qc8 20. Ne2 Nbd7 21. Bd4
Nd3 22. Bxg7 Kxg7 23. b3 Qc5 24. Qxc4 Qxc4 25. bxc4 N3e5 26. Nbc3 Nxc4 27. Ra2
Rb3 28. Rfa1 Nc5 29. a5 Ra6 30. f3 Kf6 31. Kf2 Nd3+ 32. Kg3 Nc5 33. h4 h5 34.
Kh2 Ke5 1/2-1/2

[Event "24th Chicago Open"]
[Site "Wheeling, IL"]
[Date "2015.05.23"]
[Round "5"]
[White "Gurevich, Dmitry"]
[Black "Stukopin, Andrey"]
[Result "1-0"]
[WhiteElo "2473"]
[BlackElo "2573"]
[PlyCount "107"]
[EventDate "2015.05.??"]
[EventType "swiss"]
[EventRounds "9"]
[EventCountry "USA"]
[Source "MonRoi"]

1. Nf3 c5 2. c4 g6 3. d4 Bg7 4. d5 d6 5. e4 e6 6. Nc3 exd5 7. cxd5 a6 8. Bd3
Bg4 9. h3 Bxf3 10. Qxf3 Nd7 11. Qd1 Ne7 12. O-O O-O 13. Bg5 h6 14. Be3 f5 15.
Qd2 Kh7 16. Rac1 Ne5 17. Bb1 Nc4 18. Qe2 b5 19. b3 Nxe3 20. fxe3 fxe4 21. Rxf8
Qxf8 22. Nxe4 Nf5 23. Rf1 Qe7 24. Rxf5 gxf5 25. Ng3 Kg8 26. Bxf5 Be5 27. Be6+
Kh8 28. Nf5 Qg5 29. h4 Qg6 30. g4 Re8 31. Kh1 Rb8 32. Kg2 Rb7 33. Kh3 Rc7 34.
Qf3 c4 35. Nxh6 Qf6 36. Nf5 Rh7 37. Kg2 c3 38. Qe4 Qg6 39. g5 Qh5 40. Kf2 Qd1
41. Nxd6 Qd2+ 42. Kf1 Qc1+ 43. Kg2 Qb2+ 44. Kf3 Qh2 45. Qf5 Qg3+ 46. Ke2 Qg2+
47. Kd3 Qd2+ 48. Ke4 Rxh4+ 49. Kxe5 Qh2+ 50. Kf6 Qxd6 51. Kg6 Rh6+ 52. gxh6
Qg3+ 53. Kf7 Qc7+ 54. Ke8 1-0

[Event "24th Chicago Open"]
[Site "Wheeling, IL"]
[Date "2015.05.23"]
[Round "5"]
[White "Hungaski, Robert"]
[Black "Troff, Kayden"]
[Result "1/2-1/2"]
[WhiteElo "2456"]
[BlackElo "2556"]
[PlyCount "77"]
[EventDate "2015.05.??"]
[EventType "swiss"]
[EventRounds "9"]
[EventCountry "USA"]
[Source "MonRoi"]

1. d4 Nf6 2. Nf3 g6 3. Nc3 d5 4. Bf4 Bg7 5. e3 O-O 6. Be2 Bf5 7. Ne5 Ne4 8.
Nxe4 Bxe4 9. f3 Bf5 10. g4 Be6 11. h4 f6 12. Nd3 Bf7 13. h5 Nc6 14. hxg6 hxg6
15. g5 Re8 16. gxf6 exf6 17. Kd2 Qe7 18. c3 Na5 19. b3 c5 20. Qg1 g5 21. Ne5
fxe5 22. Bxg5 Qe6 23. dxc5 Bg6 24. Bh6 Qf5 25. Ke1 Bxh6 26. Rxh6 Kg7 27. Rh4
Rh8 28. Rg4 Rh6 29. Rd1 Rah8 30. e4 Qf6 31. Kd2 Rh2 32. Ke3 R8h3 33. Rxd5 Rxe2+
34. Kxe2 Qxf3+ 35. Kd2 Qxc3+ 36. Ke2 Qf3+ 37. Kd2 Qc3+ 38. Ke2 Qf3+ 39. Kd2
1/2-1/2

[Event "24th Chicago Open"]
[Site "Wheeling, IL"]
[Date "2015.05.23"]
[Round "5"]
[White "Georgiev, Vladimir"]
[Black "Li, Ruifeng"]
[Result "1-0"]
[WhiteElo "2550"]
[BlackElo "2426"]
[PlyCount "89"]
[EventDate "2015.05.??"]
[EventType "swiss"]
[EventRounds "9"]
[EventCountry "USA"]
[Source "MonRoi"]

1. d4 d5 2. c4 c6 3. cxd5 cxd5 4. Nc3 Nf6 5. Bf4 Nc6 6. Nf3 Bf5 7. Qb3 Na5 8.
Qa4+ Bd7 9. Qc2 Rc8 10. e3 b5 11. a3 e6 12. Bd3 Be7 13. O-O O-O 14. Ne5 Nc4 15.
Qe2 a6 16. Rfc1 Bc6 17. a4 Qb6 18. Nxc6 Rxc6 19. axb5 axb5 20. b3 Na5 21. Qb2
b4 22. Na4 Qb7 23. Nc5 Qb6 24. Na4 Qb7 25. Rxc6 Nxc6 26. Qe2 Na5 27. Nc5 Qb6
28. Qa2 Ra8 29. Qc2 Rc8 30. Qa2 Bxc5 31. dxc5 Rxc5 32. Be5 Qc6 33. Qb2 Nb7 34.
Bd4 Ra5 35. Rc1 Qd7 36. Bb6 Ra8 37. Rc7 Qd6 38. Rxb7 Rc8 39. Bd4 Ng4 40. g3 Qc6
41. Rxb4 h5 42. h3 e5 43. Bxe5 Qc1+ 44. Qxc1 Rxc1+ 45. Kg2 1-0

[Event "24th Chicago Open"]
[Site "Wheeling, IL"]
[Date "2015.05.23"]
[Round "5"]
[White "Carmenate, Holden"]
[Black "Shen, Victor"]
[Result "0-1"]
[WhiteElo "2544"]
[BlackElo "2394"]
[PlyCount "58"]
[EventDate "2015.05.??"]
[EventType "swiss"]
[EventRounds "9"]
[EventCountry "USA"]
[Source "MonRoi"]

1. d4 d5 2. c4 c6 3. Nf3 Nf6 4. Qb3 dxc4 5. Qxc4 Bg4 6. Nbd2 Nbd7 7. g3 e6 8.
Bg2 Be7 9. O-O O-O 10. e3 Qc7 11. b3 a5 12. a3 b5 13. Qc2 Rac8 14. Bb2 c5 15.
Rfc1 Qb8 16. Ne5 Nxe5 17. dxe5 Nd7 18. a4 c4 19. axb5 cxb3 20. Qxb3 Rxc1+ 21.
Bxc1 Bb4 22. Nc4 Nxe5 23. b6 Bf3 24. Nxa5 Bxa5 25. Rxa5 Bxg2 26. Kxg2 Qb7+ 27.
Kg1 Rc8 28. Qb1 Nf3+ 29. Kf1 Nd2+ 0-1

[Event "24th Chicago Open"]
[Site "Wheeling, IL"]
[Date "2015.05.23"]
[Round "5"]
[White "Holt, Conrad"]
[Black "Rosen, Eric"]
[Result "1/2-1/2"]
[WhiteElo "2533"]
[BlackElo "2372"]
[PlyCount "86"]
[EventDate "2015.05.??"]
[EventType "swiss"]
[EventRounds "9"]
[EventCountry "USA"]
[Source "MonRoi"]

1. d4 d5 2. c4 e6 3. Nc3 Nf6 4. Nf3 Be7 5. Bf4 O-O 6. e3 Nbd7 7. Be2 dxc4 8.
O-O Nd5 9. Bxc4 Nxf4 10. exf4 Nb6 11. Bb3 Nd5 12. g3 Nxc3 13. bxc3 b6 14. d5
exd5 15. Bxd5 Bg4 16. Qb3 Bxf3 17. Bxf3 Rb8 18. Rad1 Bd6 19. Qb5 Qf6 20. Rd3 a5
21. Bc6 Rbd8 22. Rfd1 Bc5 23. Bd7 Qe7 24. Kf1 Qe4 25. f3 Qe7 26. Re1 Qf6 27.
Qc4 Bd6 28. Qc6 Qh6 29. h4 Bxf4 30. Qxh6 Bxh6 31. Re4 g6 32. Rc4 Rfe8 33. Rxc7
Re7 34. f4 Bg7 35. c4 h5 36. Kf2 Bb2 37. f5 Kg7 38. Kf3 gxf5 39. Rb7 Bf6 40.
Rd5 Bc3 41. Kf4 Be1 42. Bc6 Rxd5 43. Bxd5 Rxb7 1/2-1/2

[Event "24th Chicago Open"]
[Site "Wheeling, IL"]
[Date "2015.05.23"]
[Round "5"]
[White "Song, Michael"]
[Black "Perelshteyn, Eugene"]
[Result "0-1"]
[WhiteElo "2315"]
[BlackElo "2517"]
[PlyCount "54"]
[EventDate "2015.05.??"]
[EventType "swiss"]
[EventRounds "9"]
[EventCountry "USA"]
[Source "MonRoi"]

1. e4 c5 2. Nf3 g6 3. c3 Bg7 4. d4 cxd4 5. cxd4 d5 6. e5 Bg4 7. Bb5+ Nd7 8. Nc3
e6 9. h3 Bxf3 10. Qxf3 a6 11. Bxd7+ Qxd7 12. h4 f6 13. Bf4 fxe5 14. Bxe5 Bxe5
15. dxe5 Ne7 16. Rc1 Rf8 17. Qg3 Rc8 18. Rd1 Nf5 19. Qg4 Qg7 20. f4 Rc4 21. Qf3
Nd4 22. Qd3 Rxf4 23. Rd2 Qxe5+ 24. Kd1 Qh5+ 25. Kc1 Rxh4 26. Rxh4 Qxh4 27. b3
Rc6 0-1

[Event "24th Chicago Open"]
[Site "Wheeling, IL"]
[Date "2015.05.23"]
[Round "5"]
[White "Chirila, Ioan"]
[Black "Griffith, Kyron"]
[Result "1-0"]
[WhiteElo "2542"]
[BlackElo "2303"]
[PlyCount "99"]
[EventDate "2015.05.??"]
[EventType "swiss"]
[EventRounds "9"]
[EventCountry "USA"]
[Source "MonRoi"]

1. d4 Nf6 2. c4 g6 3. Nc3 Bg7 4. e4 d6 5. Be2 O-O 6. Bg5 Nbd7 7. Qd2 c5 8. d5
b5 9. cxb5 a6 10. Nf3 Qa5 11. O-O axb5 12. Bxb5 Ba6 13. Bxa6 Qxa6 14. Bh6 Bxh6
15. Qxh6 Rfb8 16. Rab1 Rb4 17. Rfe1 Rab8 18. Qd2 Ng4 19. h3 Nge5 20. Nxe5 Nxe5
21. b3 Rd4 22. Qc2 Qa3 23. Rbd1 g5 24. Ne2 Rxd1 25. Rxd1 Ra8 26. Rd2 Qb4 27.
Ng3 c4 28. bxc4 Nxc4 29. Rd3 h5 30. Qc1 f6 31. Rc3 Nb6 32. Rb3 Qc4 33. Qxc4
Nxc4 34. Rb7 Rxa2 35. Rxe7 Ra1+ 36. Kh2 Nd2 37. h4 gxh4 38. Nxh5 Ra3 39. f3 f5
40. exf5 Nxf3+ 41. gxf3 Rxf3 42. Rg7+ Kf8 43. Rg5 Kf7 44. f6 h3 45. Rg7+ Kf8
46. f7 Ke7 47. Rh7 Kf8 48. Ng3 Rd3 49. Ne4 Ke7 50. Ng5 1-0

[Event "24th Chicago Open"]
[Site "Wheeling, IL"]
[Date "2015.05.23"]
[Round "5"]
[White "Friedel, Joshua"]
[Black "Brown, Michael"]
[Result "1-0"]
[WhiteElo "2505"]
[BlackElo "2337"]
[PlyCount "93"]
[EventDate "2015.05.??"]
[EventType "swiss"]
[EventRounds "9"]
[EventCountry "USA"]
[Source "MonRoi"]

1. d4 Nf6 2. c4 e6 3. Nf3 d5 4. g3 Nc6 5. Bg2 dxc4 6. O-O Rb8 7. Nc3 b5 8. Ne5
Nxe5 9. dxe5 Nd7 10. Bf4 Bb7 11. Bxb7 Rxb7 12. a4 b4 13. Ne4 Nc5 14. Qxd8+ Kxd8
15. Rfd1+ Kc8 16. Bg5 Rb8 17. Rd8+ Kb7 18. Rxb8+ Kxb8 19. Nxc5 Bxc5 20. Rc1 c3
21. bxc3 a5 22. cxb4 Bxb4 23. Rc4 Rc8 24. h4 h6 25. Be3 Rd8 26. h5 Kb7 27. Kg2
Bf8 28. g4 Rd5 29. f4 c6 30. Kf3 Kc7 31. Ke4 Rd1 32. Rc1 Rxc1 33. Bxc1 g6 34.
Kd4 gxh5 35. gxh5 c5+ 36. Kc4 Kc6 37. e4 Kb6 38. Bd2 Bg7 39. Be1 Bf8 40. Bh4
Kc7 41. Kb5 Kd7 42. Be1 Be7 43. Bxa5 Bh4 44. Bd2 Bg3 45. Kxc5 Kc7 46. f5 Bxe5
47. Bxh6 1-0

[Event "24th Chicago Open"]
[Site "Wheeling, IL"]
[Date "2015.05.23"]
[Round "5"]
[White "Vibbert, Sean"]
[Black "Fishbein, Alexander"]
[Result "1/2-1/2"]
[WhiteElo "2312"]
[BlackElo "2499"]
[PlyCount "100"]
[EventDate "2015.05.??"]
[EventType "swiss"]
[EventRounds "9"]
[EventCountry "USA"]
[Source "MonRoi"]

1. e4 e5 2. Nf3 Nc6 3. Bb5 a6 4. Ba4 Nf6 5. O-O Nxe4 6. Qe2 Nc5 7. Bxc6 dxc6 8.
d4 Ne6 9. dxe5 Nd4 10. Nxd4 Qxd4 11. c3 Qh4 12. Be3 Be6 13. Rd1 Qe4 14. f4 Bc5
15. Re1 Qxe3+ 16. Qxe3 Bxe3+ 17. Rxe3 O-O-O 18. Kf2 Rd1 19. Re1 Rhd8 20. h3 h5
21. Ke2 Bc4+ 22. Kf2 h4 23. b3 Be6 24. c4 Bf5 25. Nc3 R1d3 26. Rac1 R8d4 27.
Re3 Rxf4+ 28. Ke2 Rd8 29. Rf1 Rxf1 30. Kxf1 Rd2 31. Ne4 Bxe4 32. Rxe4 Kd7 33.
Rxh4 Ke6 34. Rh8 Kxe5 35. Rb8 Rxa2 36. Rxb7 Kd6 37. c5+ Kd7 38. Rb8 g5 39. Rf8
Ke6 40. Rc8 Rc2 41. b4 Rc4 42. Rxc7 Rf4+ 43. Ke2 Kd5 44. Rd7+ Kc4 45. g3 Rf5
46. Rb7 Rf6 47. Rb6 Rh6 48. Kf3 f5 49. h4 gxh4 50. gxh4 Rxh4 1/2-1/2